LEADER 00767nam0 22002291i 450 001 UON00209811 005 20231205103330.32 010 $a80-7108-116-7 100 $a20030730d1996 |0itac50 ba 101 $acze 102 $aCZ 105 $a|||| ||||| 200 1 $aZert$fM. Kundera 210 $aBrno$cAtlantis$d1996. 326 p. ; 20 cm. 676 $a891.86$cLetteratura ceca$v21 700 1$aKUNDERA$bMilan$3UONV124563$0328616 801 $aIT$bSOL$c20240220$gRICA 899 $aSIBA - SISTEMA BIBLIOTECARIO DI ATENEO$2UONSI 912 $aUON00209811 950 $aSIBA - SISTEMA BIBLIOTECARIO DI ATENEO$dSI CECO A KUN 0005 $eSI EO 28880 7 0005 996 $aZert$926643 997 $aUNIOR LEADER 01465nam 2200457 c 450 001 9911053175203321 005 20240903070216.0 010 $a9783757401290 035 $a(EXLCZ)9944951061200041 100 $a20231113d2024 |y | 101 0 $ager 181 $ctxt$2rdacontent 182 $cc$2rdamedia 183 $acr$2rdacarrier 200 00$aZeiten der Allta?glichkeit$eeine schwer fassbare Erfahrung in den Ku?nsten und der Philosophie$fJonas Cantarella, Dina Emundts, Michael Gamper (Hg.) 210 1$aBerlin$cSchwabe Verlag$d[2024] 215 $a1 Online-Ressource (289 Seiten) 311 08$aErscheint auch als Print-Ausgabe 9783757401283 606 $aAlltag$3(DE-588)4001307-8$2gnd 606 $aAlltäglichkeit$3(DE-588)4384238-0$2gnd 606 $aKünste$3(DE-588)4033422-3$2gnd 606 $aPhilosophie$3(DE-588)4045791-6$2gnd 606 $aTemporalität$3(DE-588)4126982-2$2gnd 606 $aZeitlichkeit$3(DE-588)4134190-9$2gnd 615 7$aAlltag 615 7$aAlltäglichkeit 615 7$aKünste 615 7$aPhilosophie 615 7$aTemporalität 615 7$aZeitlichkeit 676 $a000 676 $a800 676 $a100 676 $a700 702 $aCantarella$b Jonas$4edt 702 $aEmundts$b Dina$f1972-$4edt 702 $aGamper$b Michael$f1967-$4edt 801 0$bCH-ZuSLS UBS A100 912 $a9911053175203321 996 $aZeiten der Allta?glichkeit$94525746 997 $aUNINA